| 000 | 00564nam a22001817a 4500 | ||
|---|---|---|---|
| 005 | 20250625155649.0 | ||
| 010 | _aENG-145546 | ||
| 020 |
_a9789354263040 _c595.00 |
||
| 035 | _aEN-129078 | ||
| 037 | _bDBAD | ||
| 082 |
_a617.564 _21 |
||
| 100 |
_aGore, Satishchandra _982362 |
||
| 245 |
_aTransforaminal Endoscopy for Lumbar Canal Stenosis: _b3Z3 W Concepts and Practice/ _cSatishchandra Gore |
||
| 260 |
_aPune _bMission Spine Foundation _c2021 |
||
| 270 | _bPune | ||
| 300 |
_a199p. _c25cm(Hb) _bill. col. |
||
| 942 |
_2ddc _cEN _h617.564 _mGOR |
||
| 999 |
_c211959 _d211959 |
||